[Event "I Open Amatori"]
[Site "Arvier ITA"]
[Date "2011.01.05"]
[Round "3"]
[White "Riboldi, Raffaele"]
[Black "Fragni, Enrico"]
[Result "1-0"]
[WhiteElo "1928"]
[BlackElo "1753"]
[PlyCount "87"]
[EventDate "2011.01.03"]

1. d4 c6 2. c4 d6 3. Nc3 Nf6 4. e4 Bg4 5. f3 Bh5 6. Bd3 e5 7. d5 h6 8. Nge2
Nbd7 9. O-O g5 10. Ng3 Bg6 11. Be3 Nh5 12. Qd2 Nf4 13. Nf5 Nf6 14. dxc6 bxc6
15. Bc2 Qc7 16. Rad1 Rd8 17. Ba4 Bxf5 18. exf5 Be7 19. Bxf4 gxf4 20. Nd5 Nxd5
21. Qxd5 Qb6+ 22. Kh1 Rc8 23. f6 Bf8 24. Rfe1 Kd8 25. Qxe5 Kc7 26. Qxf4 Qb4 27.
b3 Rg8 28. Qe3 Kb7 29. Qf4 d5 30. Qf5 dxc4 31. Re4 Qb6 32. Rxc4 Ba3 33. Qc2 c5
34. Qe4+ Kb8 35. Qe5+ Ka8 36. Rd7 Rge8 37. Qd5+ Kb8 38. Re7 Red8 39. Qe5+ Ka8
40. h4 Rd1+ 41. Kh2 Bb2 42. Qxb2 Qd6+ 43. Qe5 Qd2 44. Qe4+ 1-0

[Event "I Open Amatori"]
[Site "Arvier ITA"]
[Date "2011.01.05"]
[Round "3"]
[White "Bellotti, Giuseppe"]
[Black "Bogatto, Mario"]
[Result "1/2-1/2"]
[WhiteElo "1706"]
[BlackElo "1458"]
[PlyCount "48"]
[EventDate "2011.01.03"]

1. d4 d5 2. c4 e6 3. Nc3 Nf6 4. Bg5 Nbd7 5. e3 Be7 6. Nf3 O-O 7. Rc1 c6 8. Bd3
dxc4 9. Bxc4 Nd5 10. Bxe7 Qxe7 11. O-O Nxc3 12. Rxc3 e5 13. dxe5 Nxe5 14. Nxe5
Qxe5 15. f4 Qe4 16. Qe2 Bf5 17. Bd3 Qd5 18. e4 Qd4+ 19. Qf2 Qxf2+ 20. Kxf2 Bd7
21. Rd1 Rfd8 22. Bc4 Be8 23. Rcd3 Rxd3 24. Rxd3 Kf8 1/2-1/2

[Event "I Open Amatori"]
[Site "Arvier ITA"]
[Date "2011.01.05"]
[Round "3"]
[White "Gaglianese, Marco"]
[Black "Tedesco, Fernando"]
[Result "0-1"]
[WhiteElo "1697"]
[BlackElo "1700"]
[PlyCount "64"]
[EventDate "2011.01.03"]

1. d4 e6 2. Bf4 d6 3. Nf3 Nd7 4. e4 Be7 5. Nc3 a6 6. Bd3 h6 7. Qe2 Nb6 8. O-O-O
Nf6 9. h3 Nh5 10. Be3 Nf6 11. g4 d5 12. e5 Nfd7 13. h4 c5 14. dxc5 Bxc5 15. g5
Bxe3+ 16. Qxe3 Qe7 17. gxh6 Rxh6 18. Rdg1 Qf8 19. Rg3 Nc5 20. Ng5 Nxd3+ 21.
Qxd3 Nc4 22. Qd4 f5 23. exf6 gxf6 24. Nf3 Bd7 25. Rhg1 O-O-O 26. Rg6 Rxg6 27.
Rxg6 f5 28. Kb1 Kb8 29. Qf4+ Ka8 30. h5 Qb4 31. Nd1 Na3+ 32. Ka1 Qxf4 0-1

[Event "I Open Amatori"]
[Site "Arvier ITA"]
[Date "2011.01.06"]
[Round "4"]
[White "Ranieri, Fabrizio"]
[Black "Raineri, Valerio"]
[Result "1-0"]
[WhiteElo "2279"]
[BlackElo "2146"]
[PlyCount "65"]
[EventDate "2011.01.03"]

1. e4 e5 2. Nf3 Nc6 3. Bc4 Bc5 4. d3 Nf6 5. c3 Qe7 6. O-O d6 7. a4 a6 8. b4 Ba7
9. Bg5 h6 10. Be3 O-O 11. Nbd2 Bg4 12. h3 Be6 13. Bxa7 Rxa7 14. b5 axb5 15.
axb5 Rxa1 16. Qxa1 Nd8 17. Qa7 d5 18. exd5 Bxd5 19. Re1 Bxc4 20. Nxc4 e4 21.
dxe4 b6 22. Nxb6 Qc5 23. Nc8 Qxc3 24. Ne7+ Kh8 25. e5 Ne8 26. Qd4 Qxd4 27. Nxd4
Kh7 28. Rc1 g6 29. Nd5 Nb7 30. Nxc7 Ng7 31. Nc6 Nf5 32. b6 Rc8 33. Ra1 1-0

[Event "I Open Amatori"]
[Site "Arvier ITA"]
[Date "2011.01.06"]
[Round "4"]
[White "Marguerettaz, Davy"]
[Black "Yeuillaz, Corrado"]
[Result "1-0"]
[WhiteElo "2155"]
[BlackElo "2235"]
[PlyCount "95"]
[EventDate "2011.01.03"]

1. d4 d6 2. e4 Nf6 3. Nc3 g6 4. Be3 Bg7 5. Qd2 c6 6. Nf3 Qa5 7. Bd3 h6 8. a3 e5
9. dxe5 dxe5 10. O-O Be6 11. Rfd1 Nbd7 12. Rab1 Qc7 13. Qe2 O-O 14. Bc4 Rfe8
15. Bxe6 Rxe6 16. a4 Re7 17. Nd2 Ne8 18. Nc4 Nf8 19. a5 Ne6 20. a6 b5 21. Nd2
Qc8 22. Nb3 Qxa6 23. Ra1 Qc8 24. Qd2 h5 25. Ne2 Nf6 26. f3 Rd7 27. Qa5 a6 28.
Nc5 Nxc5 29. Bxc5 Rxd1+ 30. Rxd1 Nd7 31. Bd6 Bf8 32. Bxf8 Nxf8 33. Rd6 Nd7 34.
Qd2 Ra7 35. Qe3 Rb7 36. Qg5 Rc7 37. Ng3 Kf8 38. Nxh5 Qe8 39. Nf6 Nxf6 40. Qxf6
Rc8 41. Qh8+ Ke7 42. Qxe5+ Kf8 43. Qh8+ Ke7 44. Qf6+ Kf8 45. b4 Kg8 46. e5 Qf8
47. e6 Kh7 48. e7 1-0

[Event "I Open Amatori"]
[Site "Arvier ITA"]
[Date "2011.01.06"]
[Round "4"]
[White "Barazzetta, Massimo"]
[Black "Gromovs, Sergejs"]
[Result "0-1"]
[WhiteElo "2022"]
[BlackElo "2284"]
[PlyCount "84"]
[EventDate "2011.01.03"]

1. e4 c5 2. Nc3 Nc6 3. g3 g6 4. Bg2 Bg7 5. d3 e6 6. Be3 Nd4 7. Nce2 Nxe2 8.
Nxe2 Bxb2 9. Rb1 Bg7 10. Bxc5 d6 11. Bb4 Ne7 12. Bc3 e5 13. d4 Qc7 14. O-O O-O
15. Qd2 b6 16. Rfd1 Ba6 17. Ba1 Rac8 18. c3 Bc4 19. Nc1 b5 20. Nd3 a5 21. Bf1
f5 22. f3 fxe4 23. fxe4 Qb6 24. Nf2 Bxf1 25. Rxf1 Rc4 26. Kg2 exd4 27. cxd4 d5
28. Ng4 Rxf1 29. Rxf1 Qe6 30. Ne5 Rc8 31. Rf7 Bxe5 32. Rxe7 Qxe7 33. dxe5 dxe4
34. Qd5+ Qf7 35. e6 Rc2+ 36. Kh3 Qf1+ 37. Kg4 Qe2+ 38. Kf4 Qf3+ 39. Ke5 Qf5+
40. Kd6 Qxd5+ 41. Kxd5 e3 42. Bf6 e2 0-1

[Event "I Open Amatori"]
[Site "Arvier ITA"]
[Date "2011.01.06"]
[Round "4"]
[White "Franceschi, Riccardo"]
[Black "Bosticardo, Tommaso"]
[Result "1-0"]
[WhiteElo "2090"]
[BlackElo "1649"]
[PlyCount "75"]
[EventDate "2011.01.03"]

1. e4 e5 2. Bc4 Bc5 3. Nf3 Nc6 4. O-O Nf6 5. c3 d6 6. d4 exd4 7. cxd4 Bb6 8. h3
h6 9. Nc3 O-O 10. Bf4 Re8 11. e5 dxe5 12. dxe5 Qxd1 13. Raxd1 Nd7 14. Rfe1 Nc5
15. a3 Be6 16. Nd5 Rad8 17. b4 Na4 18. Nxb6 Nxb6 19. Bxe6 Rxe6 20. b5 Rxd1 21.
Rxd1 Na5 22. Rd8+ Kh7 23. g4 g5 24. Bxg5 hxg5 25. Nxg5+ Kg6 26. Nxe6 fxe6 27.
f4 Nac4 28. a4 Nxa4 29. Rd7 Nc3 30. Rxc7 Ne2+ 31. Kf2 Nxf4 32. Rxc4 Nxh3+ 33.
Kg3 Ng5 34. Ra4 a6 35. bxa6 bxa6 36. Rxa6 Ne4+ 37. Kf4 Nc5 38. Rc6 1-0

[Event "I Open Amatori"]
[Site "Arvier ITA"]
[Date "2011.01.06"]
[Round "4"]
[White "Serrajotto, Marino"]
[Black "Zerba, Fabio"]
[Result "1-0"]
[WhiteElo "1832"]
[BlackElo "1844"]
[PlyCount "91"]
[EventDate "2011.01.03"]

1. f4 e6 2. Nf3 Nc6 3. b3 b6 4. Bb2 Bb7 5. e3 Nf6 6. Nc3 Bc5 7. Be2 h6 8. O-O
Ne7 9. d4 Nf5 10. dxc5 Nxe3 11. Qd3 Nxf1 12. Rxf1 bxc5 13. Qb5 Bc6 14. Qxc5 Qe7
15. Qa5 d6 16. Nb5 Bxb5 17. Bxb5+ Kf8 18. Bc6 Rd8 19. Qxa7 Kg8 20. Qd4 Kh7 21.
a4 Rhg8 22. a5 Nd7 23. a6 Nb6 24. a7 f6 25. Ra1 Na8 26. Qd3+ f5 27. Re1 g5 28.
Qxf5+ exf5 29. Rxe7+ Kg6 30. fxg5 hxg5 31. Nd2 Nb6 32. Bd4 Na8 33. Nc4 Rgf8 34.
Ne3 Rf7 35. Rxf7 Kxf7 36. Nd5 Kg6 37. Bxa8 Rxa8 38. Nxc7 Rxa7 39. Bxa7 Kf7 40.
b4 Ke7 41. b5 Kd7 42. b6 Kc8 43. Ne8 Kb7 44. Nxd6+ Ka8 45. c4 f4 46. c5 1-0

[Event "I Open Amatori"]
[Site "Arvier ITA"]
[Date "2011.01.06"]
[Round "4"]
[White "Baloire, Endy"]
[Black "Riboldi, Raffaele"]
[Result "1-0"]
[WhiteElo "1962"]
[BlackElo "1928"]
[PlyCount "85"]
[EventDate "2011.01.03"]

1. e4 e6 2. d3 c5 3. Nf3 Nc6 4. Nbd2 d6 5. c3 Nge7 6. g3 g6 7. Bg2 Bg7 8. O-O
O-O 9. Re1 Qc7 10. Qe2 e5 11. Nb3 h6 12. Be3 f5 13. Qd2 Kh7 14. Nh4 Be6 15.
exf5 Nxf5 16. Nxf5 gxf5 17. f4 c4 18. dxc4 Bxc4 19. Bd5 Bxd5 20. Qxd5 Ne7 21.
Qd2 Rad8 22. Rad1 Nc6 23. Qf2 b6 24. Rd2 e4 25. Red1 Rf7 26. Bd4 Nxd4 27. Nxd4
Bxd4 28. Qxd4 Rfd7 29. Kg2 Qc5 30. Qf6 e3 31. Rd5 Qc6 32. Qxf5+ Kh8 33. Qe4 Re7
34. Qxe7 Re8 35. Qf6+ Kh7 36. Qf7+ Kh8 37. Re1 Qa4 38. Qf6+ Kh7 39. Qf5+ Kh8
40. Qd3 Qxa2 41. Rxd6 Qxb2+ 42. Re2 Qa3 43. Rxh6+ 1-0

[Event "I Open Amatori"]
[Site "Arvier ITA"]
[Date "2011.01.06"]
[Round "4"]
[White "Belabbas, Abdellah"]
[Black "Piazza, Giacomo"]
[Result "1-0"]
[WhiteElo "1890"]
[BlackElo "1658"]
[PlyCount "49"]
[EventDate "2011.01.03"]

1. d4 g6 2. e4 d6 3. Be3 Bg7 4. Bc4 e6 5. Qe2 Nd7 6. f4 c6 7. f5 d5 8. fxe6
fxe6 9. exd5 e5 10. dxc6 bxc6 11. Nh3 h6 12. O-O Ngf6 13. dxe5 Nd5 14. Bd4 N7b6
15. Bb3 Bxh3 16. Bc5 Be6 17. Nd2 Qg5 18. Rae1 Bg4 19. Qd3 Rd8 20. Ne4 Bf5 21.
Rxf5 Qxf5 22. Nd6+ Rxd6 23. exd6+ Kd7 24. Qa6 Nc7 25. Re7+ 1-0

[Event "I Open Amatori"]
[Site "Arvier ITA"]
[Date "2011.01.06"]
[Round "4"]
[White "Fragni, Enrico"]
[Black "Bellotti, Giuseppe"]
[Result "0-1"]
[WhiteElo "1753"]
[BlackElo "1706"]
[PlyCount "88"]
[EventDate "2011.01.03"]

1. c4 c5 2. Nc3 Nc6 3. Nf3 g6 4. g3 Bg7 5. Bg2 e6 6. O-O Nge7 7. Ng5 d5 8. cxd5
exd5 9. e3 O-O 10. Ne2 h6 11. Nf3 d4 12. exd4 cxd4 13. d3 Be6 14. b3 Nd5 15.
Bd2 Nc3 16. Bxc3 dxc3 17. Rc1 Nb4 18. d4 Nxa2 19. Ra1 Nb4 20. Nxc3 Nd5 21. Ne4
b6 22. Ne5 a5 23. Rc1 Rc8 24. Qd2 f5 25. Rxc8 Bxc8 26. Nc3 Nxc3 27. Qxc3 Bxe5
28. dxe5 f4 29. Qc4+ Kg7 30. gxf4 Qd7 31. Kh1 Qg4 32. Qc7+ Rf7 33. Qxb6 Qxf4
34. Qxa5 Bb7 35. Bxb7 Rxb7 36. Qd5 Re7 37. e6 Kf6 38. f3 Rxe6 39. Qd8+ Kg7 40.
Qd7+ Kf6 41. Qd8+ Kf7 42. Qd5 Kf6 43. Rd1 Qe3 44. Qd8+ Re7 0-1

[Event "I Open Amatori"]
[Site "Arvier ITA"]
[Date "2011.01.06"]
[Round "4"]
[White "Bogatto, Mario"]
[Black "Gaglianese, Marco"]
[Result "0-1"]
[WhiteElo "1458"]
[BlackElo "1697"]
[PlyCount "64"]
[EventDate "2011.01.03"]

1. e4 Nf6 2. d3 Nc6 3. Nf3 d5 4. e5 Nd7 5. d4 Nb6 6. c3 Bg4 7. h3 Bh5 8. Be2 e6
9. O-O Na5 10. b3 c5 11. Be3 cxd4 12. cxd4 Be7 13. Bb5+ Nc6 14. Nbd2 O-O 15.
Rc1 Rc8 16. Bxc6 Rxc6 17. Rxc6 bxc6 18. Qc1 Qc7 19. Qc3 Rc8 20. Rc1 Nd7 21. Bg5
Ba3 22. Re1 c5 23. Be3 Bxf3 24. Nxf3 Bb4 25. Qc1 Bxe1 26. Qxe1 cxd4 27. Bxd4 a6
28. h4 Qc1 29. Kh2 Qf4+ 30. g3 Qxf3 31. Be3 Qe4 32. f3 Rc2+ 0-1

[Event "I Open Amatori"]
[Site "Arvier ITA"]
[Date "2011.01.07"]
[Round "5"]
[White "Gromovs, Sergejs"]
[Black "Ranieri, Fabrizio"]
[Result "1-0"]
[WhiteElo "2284"]
[BlackElo "2279"]
[PlyCount "87"]
[EventDate "2011.01.03"]

1. d4 d5 2. Nf3 Nf6 3. c4 dxc4 4. e3 e6 5. Bxc4 c5 6. O-O a6 7. a4 Nc6 8. Qe2
cxd4 9. Rd1 Be7 10. exd4 O-O 11. Nc3 Nb4 12. Ne5 b6 13. h4 Bb7 14. h5 h6 15.
Ra3 Rc8 16. Rb3 a5 17. Nb5 Ne4 18. Re3 Nd6 19. Nxd6 Bxd6 20. Rg3 Kh8 21. Qg4
Bxe5 22. dxe5 Qxd1+ 23. Qxd1 Rxc4 24. b3 Re4 25. Qd6 Rc8 26. Be3 Nd5 27. Bd2
Kh7 28. Qd7 Rc7 29. Qe8 Nf4 30. Qb8 Rd7 31. Bxf4 Rxf4 32. f3 Rd1+ 33. Kh2 Rh4+
34. Rh3 Rxh3+ 35. Kxh3 Bd5 36. Qxb6 Rb1 37. Qxa5 Bxb3 38. Qa7 Rh1+ 39. Kg4 Ra1
40. a5 Ra4+ 41. Kg3 Bd5 42. Qb6 Ra2 43. a6 Ra3 44. a7 1-0

[Event "I Open Amatori"]
[Site "Arvier ITA"]
[Date "2011.01.07"]
[Round "5"]
[White "Raineri, Valerio"]
[Black "Marguerettaz, Davy"]
[Result "1-0"]
[WhiteElo "2146"]
[BlackElo "2155"]
[PlyCount "99"]
[EventDate "2011.01.03"]

1. e4 e5 2. Nf3 Nc6 3. Bb5 Nf6 4. d3 d6 5. c3 g6 6. Nbd2 Bg7 7. Nf1 O-O 8. Ng3
Bd7 9. Ba4 Ne8 10. h4 Bg4 11. h5 Qf6 12. Be3 Bxf3 13. gxf3 Nd8 14. Qe2 Ne6 15.
O-O-O Nf4 16. Qd2 c5 17. Rdg1 Nc7 18. Nf5 gxf5 19. h6 Nce6 20. hxg7 Rfb8 21.
Bb3 b5 22. Bd5 Nxd5 23. exd5 f4 24. dxe6 fxe6 25. Bxf4 Qxf4 26. Qxf4 exf4 27.
Rh6 Rb7 28. Rxe6 Rxg7 29. Rg4 Rd8 30. Rxf4 Rf7 31. Rg4+ Kh8 32. Rg3 Rdf8 33.
Kd2 Rf6 34. Re3 d5 35. Ke2 b4 36. Re5 bxc3 37. bxc3 Rf5 38. Rxf5 Rxf5 39. Ke3
h5 40. f4 Kh7 41. Rg5 d4+ 42. cxd4 cxd4+ 43. Ke4 Rxg5 44. fxg5 h4 45. f4 Kg6
46. Kf3 Kf5 47. Kg2 a5 48. Kh3 a4 49. Kxh4 a3 50. Kh5 1-0

[Event "I Open Amatori"]
[Site "Arvier ITA"]
[Date "2011.01.07"]
[Round "5"]
[White "Yeuillaz, Corrado"]
[Black "Cattaneo, Roger"]
[Result "1-0"]
[WhiteElo "2235"]
[BlackElo "1768"]
[PlyCount "73"]
[EventDate "2011.01.03"]

1. e4 e5 2. Nf3 Nc6 3. Bb5 Nd4 4. Nxd4 exd4 5. O-O Bc5 6. d3 Ne7 7. c3 c6 8.
Ba4 b5 9. Bb3 O-O 10. Qh5 d5 11. Nd2 Qd6 12. cxd4 Bxd4 13. Nf3 dxe4 14. dxe4
Bb6 15. Bg5 Ng6 16. Rad1 Qb4 17. Bd2 Qxe4 18. Qxh7+ Kxh7 19. Ng5+ Kh8 20. Nxe4
Bf5 21. Nd6 Bg4 22. Rc1 Ne5 23. Bc3 Nd3 24. Rc2 Be6 25. Bxe6 fxe6 26. Ne4 b4
27. Be1 Rf4 28. Ng5 Raf8 29. Nxe6 Re8 30. Nxf4 Nxe1 31. Rc1 Re4 32. Ng6+ Kh7
33. Rfxe1 Rxe1+ 34. Rxe1 Kxg6 35. Re6+ Kf5 36. Rxc6 Ke4 37. Rc4+ 1-0

[Event "I Open Amatori"]
[Site "Arvier ITA"]
[Date "2011.01.07"]
[Round "5"]
[White "Zerba, Fabio"]
[Black "Baloire, Endy"]
[Result "0-1"]
[WhiteElo "1844"]
[BlackElo "1962"]
[PlyCount "100"]
[EventDate "2011.01.03"]

1. d4 d5 2. c4 e6 3. e3 Nf6 4. Nc3 c6 5. cxd5 exd5 6. Nf3 Bf5 7. Qb3 Qc7 8. Be2
Nbd7 9. Nh4 Bg4 10. Bxg4 Nxg4 11. Nf3 Ngf6 12. Qd1 Bb4 13. Bd2 Bxc3 14. Bxc3
Ne4 15. Qc2 O-O 16. Nd2 Ndf6 17. Nxe4 Nxe4 18. Bb4 Rfe8 19. O-O-O a5 20. Be1
Nd6 21. h4 b5 22. Kb1 Reb8 23. f3 Nc4 24. Rd3 b4 25. g4 a4 26. Qh2 Qe7 27. Bg3
Rb5 28. Re1 c5 29. e4 cxd4 30. exd5 Qc5 31. Red1 b3 32. a3 Rc8 33. Bf4 Nxa3+
34. bxa3 Qc2+ 35. Qxc2 bxc2+ 36. Ka2 cxd1=Q 37. Rxd1 Rxd5 38. Rb1 d3 39. Rd1
Rc2+ 40. Kb1 Rc3 41. Rc1 Rb5+ 42. Ka2 Rc2+ 43. Rxc2 dxc2 44. g5 Rb1 45. h5 c1=Q
46. Bxc1 Rxc1 47. Kb2 Rc4 48. h6 gxh6 49. gxh6 f5 50. Ka2 Kf7 0-1

[Event "I Open Amatori"]
[Site "Arvier ITA"]
[Date "2011.01.07"]
[Round "5"]
[White "Bosticardo, Tommaso"]
[Black "Barazzetta, Massimo"]
[Result "1/2-1/2"]
[WhiteElo "1649"]
[BlackElo "2022"]
[PlyCount "109"]
[EventDate "2011.01.03"]

1. d4 c5 2. d5 e5 3. c4 d6 4. Nc3 g6 5. Nf3 Bg7 6. e4 Ne7 7. Be2 O-O 8. O-O h6
9. a3 f5 10. b4 Nd7 11. Nd2 b6 12. Nb3 Nf6 13. f3 Kh7 14. Rb1 Ba6 15. Na1 Qd7
16. Nc2 f4 17. a4 Rfc8 18. bxc5 bxc5 19. Bd2 Rcb8 20. Nb5 Bc8 21. Ba5 Rb7 22.
Nca3 Rab8 23. Qc2 Ne8 24. Nc3 g5 25. Rxb7 Rxb7 26. Rb1 h5 27. Rxb7 Qxb7 28. Qb1
Qxb1+ 29. Naxb1 a6 30. Kf2 Bf6 31. Bd1 Ng6 32. Nd2 g4 33. fxg4 hxg4 34. Ne2 Kg7
35. Nb3 Bd7 36. Nd2 Kf7 37. Ng1 Ke7 38. Nb3 Bxa4 39. Ne2 Bg5 40. Nc3 Bd7 41.
Bb6 Nf6 42. Na5 g3+ 43. hxg3 fxg3+ 44. Kf3 Bd2 45. Ne2 Bg4+ 46. Kxg3 Be1+ 47.
Kh2 Nxe4 48. Nc6+ Kf8 49. Bc2 Bxe2 50. Bxe4 Nf4 51. Bc7 Bxc4 52. Bxd6+ Kg8 53.
Nxe5 Bxd5 54. Bxd5+ Nxd5 55. Bxc5 1/2-1/2

[Event "I Open Amatori"]
[Site "Arvier ITA"]
[Date "2011.01.07"]
[Round "5"]
[White "Tedesco, Fernando"]
[Black "Belabbas, Abdellah"]
[Result "1/2-1/2"]
[WhiteElo "1700"]
[BlackElo "1890"]
[PlyCount "81"]
[EventDate "2011.01.03"]

1. e4 e6 2. Nf3 c5 3. Nc3 a6 4. d3 Be7 5. Be2 Nc6 6. O-O Qc7 7. a3 Nf6 8. h3 d5
9. exd5 exd5 10. Bg5 Be6 11. Re1 Rd8 12. Bf1 O-O 13. Qc1 Rfe8 14. Bf4 Qc8 15.
Bh2 h6 16. Ne2 Nh5 17. Ng3 Nf6 18. c3 Nh7 19. Ne2 g5 20. d4 Bf5 21. dxc5 Bxc5
22. Ng3 Be4 23. Nd2 Nf6 24. Ndxe4 Nxe4 25. Nxe4 dxe4 26. Qc2 e3 27. fxe3 Rxe3
28. Kh1 Rde8 29. Rxe3 Bxe3 30. Re1 Nd4 31. Qd3 Nf5 32. Qd5 Ne7 33. Qf3 Ba7 34.
Qf6 Ng6 35. Rxe8+ Qxe8 36. Bg1 Bxg1 37. Kxg1 Qe3+ 38. Qf2 Qe6 39. Bd3 Nf4 40.
Bf1 h5 41. Qd4 1/2-1/2

[Event "I Open Amatori"]
[Site "Arvier ITA"]
[Date "2011.01.07"]
[Round "5"]
[White "Bellotti, Giuseppe"]
[Black "Scalfi, Agostino"]
[Result "0-1"]
[WhiteElo "1706"]
[BlackElo "1559"]
[PlyCount "98"]
[EventDate "2011.01.03"]

1. e4 e5 2. Nf3 Nc6 3. Bb5 a6 4. Bxc6 dxc6 5. O-O Nf6 6. d4 exd4 7. e5 Nd5 8.
Qxd4 Be6 9. Bg5 Be7 10. Bxe7 Qxe7 11. Nbd2 O-O 12. Ne4 b6 13. Neg5 Bf5 14. Rfe1
h6 15. Ne4 Rad8 16. Qa4 b5 17. Qxa6 Nb4 18. Qa3 Ra8 19. Qc3 Ra6 20. a3 Nd5 21.
Qc5 Qe6 22. Nd4 Qg6 23. Nxf5 Qxf5 24. Ng3 Qg6 25. Rad1 Re8 26. c3 Nf4 27. Qd4
Nd5 28. f4 Ra4 29. b4 Rxa3 30. f5 Qg5 31. e6 fxe6 32. fxe6 Ra2 33. Qe5 Rc2 34.
Qxg5 hxg5 35. Ne4 Rxe6 36. Nxg5 Rxe1+ 37. Rxe1 g6 38. Re6 Nf4 39. Re8+ Kg7 40.
g3 Nd5 41. Rc8 Rxc3 42. Ne6+ Kf6 43. Nxc7 Nxb4 44. Rf8+ Ke7 45. Rg8 Kf7 46. Rd8
Nd3 47. Kg2 b4 48. Kf3 b3 49. Ke4 b2 0-1

[Event "I Open Amatori"]
[Site "Arvier ITA"]
[Date "2011.01.07"]
[Round "5"]
[White "Piazza, Giacomo"]
[Black "Pierantoni, Mauro"]
[Result "0-1"]
[WhiteElo "1658"]
[BlackElo "1823"]
[PlyCount "52"]
[EventDate "2011.01.03"]

1. Nf3 d5 2. e3 c5 3. c4 d4 4. exd4 cxd4 5. d3 Nc6 6. a3 e5 7. Nbd2 Bg4 8. Be2
Bd6 9. Ne4 h6 10. h3 Bh5 11. O-O Nge7 12. Qb3 b6 13. Nxe5 Bxe2 14. Nxf7 Kxf7
15. Nxd6+ Qxd6 16. c5+ Qe6 17. Qxe6+ Kxe6 18. Re1 bxc5 19. Rxe2+ Kf7 20. b4
cxb4 21. axb4 Nxb4 22. Ba3 Ned5 23. Re4 Nc2 24. Ra2 Nxa3 25. Rxa3 Nc3 26. Ra6
Nxe4 0-1

[Event "I Open Amatori"]
[Site "Arvier ITA"]
[Date "2011.01.07"]
[Round "5"]
[White "Fragni, Enrico"]
[Black "Bogatto, Mario"]
[Result "1-0"]
[WhiteElo "1753"]
[BlackElo "1458"]
[PlyCount "59"]
[EventDate "2011.01.03"]

1. Nf3 d5 2. g3 c6 3. Bg2 Nf6 4. d3 Nbd7 5. Bg5 e5 6. e4 Be7 7. Nbd2 h6 8. Bxf6
Bxf6 9. O-O Qc7 10. exd5 cxd5 11. c4 d4 12. Re1 O-O 13. Ne4 Re8 14. b4 Rb8 15.
a4 b6 16. Qd2 Bb7 17. Re2 Bxe4 18. Rxe4 Nf8 19. h4 Qd6 20. Rae1 Nd7 21. Nxd4
Kf8 22. Nf5 Qc7 23. Qe3 a6 24. f4 b5 25. axb5 Qb6 26. c5 Qxb5 27. Nd6 Qxb4 28.
Rxb4 Rxb4 29. Nxe8 Kxe8 30. Bc6 1-0

[Event "I Open Amatori"]
[Site "Arvier ITA"]
[Date "2011.01.08"]
[Round "6"]
[White "Raineri, Valerio"]
[Black "Gromovs, Sergejs"]
[Result "1/2-1/2"]
[WhiteElo "2146"]
[BlackElo "2284"]
[PlyCount "81"]
[EventDate "2011.01.03"]

1. e4 c5 2. Nf3 d6 3. d4 cxd4 4. Nxd4 Nf6 5. Nc3 a6 6. Be3 e5 7. Nb3 Be6 8. Qd2
Be7 9. O-O-O Ng4 10. g3 Nd7 11. Kb1 O-O 12. f4 Nxe3 13. Qxe3 b5 14. Nd5 Bxd5
15. Rxd5 Qc7 16. Be2 Rac8 17. Rc1 Nb6 18. Rdd1 Nc4 19. Bxc4 bxc4 20. Nd2 Rb8
21. c3 d5 22. exd5 Ba3 23. Rc2 Qb7 24. b3 Qxd5 25. Qxe5 Qd3 26. Re1 h6 27. Qd4
a5 28. Re3 Rfe8 29. Re5 Red8 30. Qe3 a4 31. b4 Qg6 32. f5 Qd6 33. Ka1 Qd3 34.
Kb1 Kh7 35. g4 Qd6 36. Qe4 f6 37. Re7 Qxh2 38. Rxg7+ Kh8 39. Rh7+ Kxh7 40. Qe7+
Kg8 41. Qe6+ 1/2-1/2

[Event "I Open Amatori"]
[Site "Arvier ITA"]
[Date "2011.01.08"]
[Round "6"]
[White "Franceschi, Riccardo"]
[Black "Yeuillaz, Corrado"]
[Result "1-0"]
[WhiteElo "2090"]
[BlackElo "2235"]
[PlyCount "69"]
[EventDate "2011.01.03"]

1. e4 e6 2. d4 d5 3. e5 c5 4. c3 Nc6 5. Nf3 Qb6 6. Be2 Bd7 7. O-O cxd4 8. cxd4
Nge7 9. Nc3 Nf5 10. Na4 Qc7 11. g4 Nh6 12. Nh4 Be7 13. Ng2 g5 14. Be3 f6 15.
exf6 Bxf6 16. Nc5 O-O-O 17. b4 Kb8 18. b5 Na5 19. Rc1 Qd6 20. a4 Bc8 21. h3 Nf7
22. Bd2 Nc4 23. Bb4 Qb6 24. Ne3 Nfd6 25. Nb3 Qc7 26. Qc2 Qf7 27. Nxc4 Nxc4 28.
Bxc4 dxc4 29. Qxc4 h5 30. b6 axb6 31. a5 b5 32. Qxb5 Qd7 33. Qb6 Bxd4 34. Nxd4
Qxd4 35. Bc5 1-0

[Event "I Open Amatori"]
[Site "Arvier ITA"]
[Date "2011.01.08"]
[Round "6"]
[White "Marguerettaz, Davy"]
[Black "Baloire, Endy"]
[Result "1/2-1/2"]
[WhiteElo "2155"]
[BlackElo "1962"]
[PlyCount "135"]
[EventDate "2011.01.03"]

1. e4 c6 2. d4 d5 3. exd5 cxd5 4. Bd3 Nf6 5. h3 Nc6 6. c3 e6 7. Bf4 Bd6 8. Bxd6
Qxd6 9. Nf3 O-O 10. O-O Rb8 11. Qe2 Bd7 12. Nbd2 Na5 13. Ne5 b5 14. Nb3 Nxb3
15. axb3 Qb6 16. b4 a6 17. Ra5 Bc8 18. Bc2 Rb7 19. Rfa1 Ra7 20. Nd3 Ne4 21. Nc5
Nd6 22. b3 Re8 23. Qh5 g6 24. Qg5 Kg7 25. Re1 Qc7 26. h4 Qe7 27. Qxe7 Rexe7 28.
Rea1 Rec7 29. f3 Rc6 30. Kf2 Kf6 31. g4 h6 32. Ke3 Rac7 33. Bd3 Ne8 34. f4 Ke7
35. R5a2 Nd6 36. Rh1 Kf6 37. g5+ Kg7 38. h5 Nf5+ 39. Bxf5 exf5 40. gxh6+ Kxh6
41. hxg6+ Kxg6 42. Rg2+ Kf6 43. Rh6+ Ke7 44. Rxc6 Rxc6 45. Rg8 Rc7 46. Kd3 Rc6
47. Rh8 Bd7 48. Ra8 Bc8 49. c4 bxc4+ 50. bxc4 Kd6 51. cxd5 Kxd5 52. Rb8 Kd6 53.
Na4 Kc7 54. Ra8 Kb7 55. d5 Rh6 56. Rxc8 Kxc8 57. Kd4 Rh1 58. Nc5 Ra1 59. Ke5 a5
60. bxa5 Rxa5 61. Nb3 f6+ 62. Ke6 Ra6+ 63. d6 Kd8 64. Nd4 Rb6 65. Nxf5 Rb4 66.
Ne7 Rc4 67. f5 Rc1 68. Kxf6 1/2-1/2

[Event "I Open Amatori"]
[Site "Arvier ITA"]
[Date "2011.01.08"]
[Round "6"]
[White "Ranieri, Fabrizio"]
[Black "Serrajotto, Marino"]
[Result "1-0"]
[WhiteElo "2279"]
[BlackElo "1832"]
[PlyCount "65"]
[EventDate "2011.01.03"]

1. e4 d5 2. exd5 Qxd5 3. Nf3 Bg4 4. Be2 Nf6 5. d4 c6 6. c4 Qd6 7. O-O e6 8. a3
Be7 9. Qb3 b6 10. Be3 O-O 11. Nc3 Nbd7 12. Rfd1 Qc7 13. Rac1 Rfd8 14. h3 Bh5
15. Qa4 Rac8 16. b4 a6 17. d5 exd5 18. cxd5 c5 19. g4 Bxg4 20. hxg4 Nxg4 21. d6
Bxd6 22. Nd5 Bh2+ 23. Kh1 Qd6 24. bxc5 Qe6 25. Nxh2 Nxh2 26. Kxh2 Nxc5 27. Qd4
Rd7 28. Rxc5 Rxc5 29. Nf6+ gxf6 30. Qxd7 Qe5+ 31. Kg2 Qe4+ 32. Bf3 Qg6+ 33. Kh2
1-0

[Event "I Open Amatori"]
[Site "Arvier ITA"]
[Date "2011.01.08"]
[Round "6"]
[White "Scalfi, Agostino"]
[Black "Tedesco, Fernando"]
[Result "1-0"]
[WhiteElo "1559"]
[BlackElo "1700"]
[PlyCount "75"]
[EventDate "2011.01.03"]

1. e4 e5 2. Nf3 d6 3. d4 exd4 4. Nxd4 Be7 5. Bc4 Nf6 6. Nc3 O-O 7. Be3 a6 8. a4
Bd7 9. O-O Nc6 10. h3 Ne5 11. Be2 Qc8 12. f4 Nc6 13. Nf3 Rd8 14. Nh2 Be6 15. g4
Bf8 16. f5 Bd7 17. g5 Ne8 18. Nd5 Ne5 19. Ng4 Kh8 20. f6 Be6 21. Nf4 Bc4 22.
Bxc4 Nxc4 23. Qd5 Nxe3 24. Qxf7 Nxf6 25. Nxe3 Nxe4 26. Qd5 Re8 27. Rf3 Re5 28.
Qd3 Rxg5+ 29. Kh2 Nc5 30. Qf1 Ne4 31. Qd3 Nf6 32. Raf1 Re5 33. Nfd5 Nxd5 34.
Nxd5 Re8 35. Rf7 Qe6 36. Kh1 Rec8 37. Nf6 Qxf6 38. R1xf6 1-0

[Event "I Open Amatori"]
[Site "Arvier ITA"]
[Date "2011.01.08"]
[Round "6"]
[White "Belabbas, Abdellah"]
[Black "Barazzetta, Massimo"]
[Result "0-1"]
[WhiteElo "1890"]
[BlackElo "2022"]
[PlyCount "114"]
[EventDate "2011.01.03"]

1. d4 c5 2. d5 e5 3. e4 d6 4. Nf3 a6 5. a4 b6 6. Bd2 Nf6 7. Nc3 Be7 8. Bc4 O-O
9. h3 Ne8 10. O-O g6 11. Qe2 Ng7 12. Nd1 Kh8 13. Bh6 f5 14. exf5 gxf5 15. Nxe5
dxe5 16. Qxe5 Bf6 17. Qg3 Re8 18. Nc3 Nd7 19. f4 Re3 20. Rf3 Rxf3 21. Qxf3 Bb7
22. Re1 Nf8 23. g4 Qd6 24. Bxg7+ Kxg7 25. gxf5 Bd4+ 26. Kh2 Qf6 27. Qg4+ Kh8
28. Ne4 Qg7 29. Qh5 Nd7 30. Ng5 Nf6 31. Qh4 Bxd5 32. Bxd5 Nxd5 33. Re6 Bf6 34.
Qh5 Bxg5 35. fxg5 Rf8 36. Re8 Kg8 37. f6 Qg6 38. Rxf8+ Kxf8 39. Qxg6 hxg6 40.
Kg3 Ne3 41. c3 Nd1 42. b3 Nxc3 43. h4 c4 44. bxc4 Nxa4 45. h5 gxh5 46. Kh4 Nc5
47. g6 Ne6 48. Kxh5 a5 49. Kg4 a4 50. Kf5 Nc7 51. f7 Kg7 52. Ke5 a3 53. Kd6 a2
54. Ke7 Ne6 55. Kxe6 a1=Q 56. Ke7 Qf6+ 57. Ke8 Qxg6 0-1